|
|
|
|
| LEADER |
00983nam a2200313 4500 |
| 001 |
DLU110130335 |
| 005 |
##20111223 |
| 040 |
# |
# |
|a DLU
|b eng
|
| 041 |
# |
# |
|a eng
|
| 044 |
# |
# |
|a us
|
| 100 |
# |
# |
|a Ryser, Gail R.
|
| 245 |
# |
# |
|a Confirmatory factor analysis of the scales for diagnosing attention deficit hyperactivity disorder (SCALES) /
|c Gail R. Ryser, Hilary L. Campbell, Brian K. Miller.
|
| 653 |
# |
# |
|a ADHD
|
| 653 |
# |
# |
|a Confirmatory factor analysis
|
| 653 |
# |
# |
|a DSM-IV-TR
|
| 653 |
# |
# |
|a Rating scale
|
| 653 |
# |
# |
|a SCALES
|
| 700 |
# |
# |
|a Campbell, Hilary L.
|
| 700 |
# |
# |
|a Miller, Brian K.
|
| 773 |
# |
# |
|t Educational and Psychological Measurement
|g Vol. 70, no. 5 (October 2010), p. 844-857
|
| 920 |
# |
# |
|a Phòng Tạp chí -- Trung tâm Thông tin - Thư viện Trường Đại học Đà Lạt
|
| 994 |
# |
# |
|a DLU
|
| 900 |
# |
# |
|a True
|
| 911 |
# |
# |
|a Trương Bảo Trâm Anh
|
| 925 |
# |
# |
|a G
|
| 926 |
# |
# |
|a A
|
| 927 |
# |
# |
|a BB
|
| 980 |
# |
# |
|a Thư viện Trường Đại học Đà Lạt
|